000 00637nam a2200229Ia 4500
003 OSt
005 20220923212009.0
006 a|||||r|||| 00| 0
007 ta
008 Pun
024 _a102,341
037 _cTextual
040 _aARTS
_cARTS
_bPun
041 _2Pun
_aPun
082 _aV236:1.M5, 153J7
100 _aਗੰਡਾ ਸਿੰਘ
245 0 _aਪੰਜਾਬ ਉੱਤੇ ਅੰਗਰੇਗ਼ਾਂ ਦਾ ਕਬਗ਼ਾਂ
260 _c1957
650 _aਭਾਰਤੀਯ ਇਤਿਹਾਸ
942 _hV236:1.M5, 153J7
_cTEXL
_2CC
999 _c305291
_d305291